| 000 | 00935nas a2200337 4500 | ||
|---|---|---|---|
| 001 | BR0400038 | ||
| 003 | BR-BrBNA | ||
| 005 | 20231205104243.0 | ||
| 007 | ta | ||
| 008 | 230509b bl.|||p| |||| 00| 00por d | ||
| 040 |
_aBR-BrBNA _bpor _cBiblioteca Nacional de Agricultura |
||
| 041 | _a(Pt) | ||
| 072 | _aH20 | ||
| 100 | 1 | _aAparecido, C.C. | |
| 100 | 1 | _aFigueiredo, M.B. | |
| 100 | 1 | _aFurtado, E.L. | |
| 245 | 1 | _aGrupos de variabilidade fisiológica em populações de Puccinia psidii | |
| 650 | _aEUCALIPTO | ||
| 650 | _aGOIABA | ||
| 650 | _aJAMBO | ||
| 650 | _aUVALHA | ||
| 650 | _aCAMBUCA | ||
| 650 | _aJABUTICABA | ||
| 650 | _aPUCCINIA PSIDII | ||
| 650 | _aFERRUGEM | ||
| 650 | _aPLANTA HOSPEDEIRA | ||
| 650 | _aSÃO PAULO | ||
| 773 | 0 |
_tSumma Phytopathologica (Brazil) _xISSN 0100-5405 _g(Jul-Sep 2003), v. 29(3) p. 234-238 _wBR0400038 |
|
| 909 |
_a202311 _bLúcia _c55 _dLúcia Elande |
||
| 942 |
_2AGRIS _n0 _cANA |
||
| 999 |
_c177193 _d177193 |
||